000 00309pam a2200133 a 4500
020 _c
041 _h
082 _a658
_bANA
100 _aAnand, Mulkraj
245 _aLament On The Death Of A Master Of Arts
_hTextual Documents
260 _aPune
_bHind Pocket Books
_c1967
300 _a120
930 _a6256
999 _c113084
_d113084